| 000 | 00577nam a2200241 a 4500 | ||
|---|---|---|---|
| 003 | AR-BaBNM | ||
| 005 | 20251128204431.0 | ||
| 008 | 082120s2002 ||||||||||||||000 | spa|| | ||
| 020 | _a950-13-9103-5 | ||
| 040 | _cAR-BaBNM | ||
| 100 | 1 | _aGuzmán, Manuel | |
| 245 | 0 | 0 | _aFósforomodelismo |
| 260 |
_aBuenos Aires _bKapelusz _c1977 |
||
| 300 |
_a53 p. _bil., láms. |
||
| 490 | 0 | _aCómo hacer | |
| 650 | 4 | _aARTESANIAS | |
| 650 | 4 | _aEDUCACION ARTISTICA | |
| 650 | 4 | _aTRABAJO EN MADERA | |
| 650 | 4 | _aMADERA | |
| 653 | _aMANUALIDADES | ||
| 942 | _cBK | ||
| 998 | _cEnrique | ||
| 999 |
_c7409 _d7409 |
||